Narodni perekazy pro tatar

Podrobná bibliografia
Hlavný autor: Varcholová, Nadežda, 1950- (Autor)
Médium: Článok
Jazyk:ukrajinčina
Predmet:

MARC

LEADER 00000nab a2200000 ar4500
001 vtls010126829
003 SK-MaSNL
005 20260426105447.0
008 100827c1988 xo ar|p|||| |000 c|ukr
015 |a SNBRA2010/08 
038 |a SVKPOCL 
040 |a SVKPO  |b slo  |c SVKPO  |e AACR2 
041 |a ukr  |b ger  |b rus  |b slo 
044 |a xo  |c SK 
080 |a 80(=161.2)+908(477)  |2 2001 
080 |a 398.8:82-3  |2 2001 
080 |a (437.6)  |2 2001 
080 |a (048.8)  |2 2001 
100 1 |a Varcholová, Nadežda,  |d 1950-  |4 aut  |9 246093 
245 1 0 |a Narodni perekazy pro tatar  |c Nadija Varchol 
504 |a Bibliogr. odkazy 
546 |a Res. nem., rus., slo. 
650 0 7 |a ukrajinistika  |2 svkpocl  |9 51200 
650 0 7 |a Ukrajinci  |2 svkpocl  |9 19025 
650 0 7 |a etnografia  |2 svkpocl  |9 950 
650 0 7 |a folkloristika  |2 svkpocl  |9 59288 
650 0 7 |a ľudová próza  |2 svkpocl  |9 84275 
650 0 7 |a tatárske vpády  |z Slovensko východné  |y 1234-1242  |2 svkpocl  |9 1624992 
651 7 |a Slovensko východné  |2 svkpocl  |9 161134 
655 7 |a štúdie  |2 svkpocl  |9 57033 
773 0 |t Naukovyj zbirnyk Muzeju ukrajins'koji kul'tury u Svydnyku. 15. Častyna 1. = Vedecký zborník Múzea ukrajinskej kultúry vo Svidníku. 15. Časť 1.  |d Prešov : Slovenské pedagogické nakladateľstvo - odbor ukrajinskej literatúry, 1988  |g S.173-179 
852 |a a SVKPO  |b KIS3GCP 
958 |a UK 
958 |a SK 
958 |a NB 
999 |c 3352049  |d 3353979